00569nam a2200205Ia 450000500170000000800460001703700110006304000080007404000080008204000080009004100080009804100080010608400080011410000380012224501080016026000090026830000100027765000140028770000620030120260430150005.0008 250103s9999 xx 000 0 eng d aTheses aCRL beng ceng 2eng aeng qCRL aMachutmi W S Au.; Aphun Kamei Gu. 0aTribes and notion of Land: Changes in agrarian structure and social relation amongst the tangkhul nagas c2021 a268p. aSociology aUniversity of Delhi. Delhi school of Economics. Sociology